00864cam a22002771 4500001001300000003000400013005001700017008004100034010001700075035001800092040001800110042001200128050002400140082002000164111005500184245003500239260002200274300003400296500005600330651003600386651003600422651003600458651003600494710003900530999001700569sa 67006809 DLC20260227112410.0731207s1966 xx 100 0 eng  asa 67006809  a(OCoLC)756399 aDLCcNICdDLC apremarc00aHF3788.N6bS4 1966c a382/.0918/120542 aSeminar on Trading with Americansd(1966 :cDelhi)10aConclusions & recommendations. aNew Delhi,c1966. a1 v. (various pagings)c27cm. aOrganized by the Indian Institute of Foreign Trade. 0aIndiaxCommercezNorth America. 0aNorth AmericaxCommercezIndia. 0aIndiaxCommercezLatin America. 0aLatin AmericaxCommercezIndia.2 aIndian Institute of Foreign Trade. c76175d76175